• 首页
  • 本馆介绍
  • 公告通知
  • 最新文献
  • 馆藏检索
  • 电子资源
  • 读者导购
  • 参考咨询
  • 我的图书馆
  • 登录
  • 详细信息显示
  • 放入我的书架
  • 预约/预借图书
  • 作者相关作品
  • 分类相关作品
  • 丛书相关作品
  • 出版社相关作品

书目信息

  • 表格格式
  • 工作单格式
  • 卡片格式
题名:
电声摇滚乐队基本训练法
    
 
作者: 王保安 编著
分册:  
出版信息: 北京   中国青年出版社  1994
页数: 140页
开本: 26cm
丛书名:
单 册:
中图分类: J628.06
科图分类:
主题词: 电子乐器-摇滚乐-乐队-奏法 , 乐队-摇滚乐-电子乐器-奏法 , 奏法-摇滚乐-乐队-电子乐器 , 摇滚乐-电子乐器-乐队-奏法
电子资源:
ISBN: 7-5006-1703-8
000 00739nam0 2200241 45
001 0195031767
005 20061116171323.00
010    @a7-5006-1703-8@dCNY14.00
100    @a19950603d1994 em y0chiy0121 ea
101 0  @achi
102    @aCN@b110000
105    @ag z 000yy
200 10 @a电声摇滚乐队基本训练法@ADIAN SHENG YAO GUN YUE DUI JI BEN XUN LIAN FA@f王保安编著@FWANG BAO AN BIAN ZHU
210    @a北京@c中国青年出版社@d1994
215    @a140页@d26cm
606    @a电子乐器-摇滚乐-乐队-奏法
606    @a乐队-摇滚乐-电子乐器-奏法
606    @a奏法-摇滚乐-乐队-电子乐器
606    @a摇滚乐-电子乐器-乐队-奏法
690    @aJ628.06
701  0 @a王保安@AWANG BAO AN@4编著
801  0 @aCN@bTSSF@c20061116
905    @a10447@dJ628.06@e55
    
    电声摇滚乐队基本训练法/王保安编著.-北京:中国青年出版社,1994
    140页;26cm
    
    
    ISBN 7-5006-1703-8:CNY14.00
    
●
相关链接 在E读中查询图书 在五车中查询图书 在当当中查询图书 在豆瓣中查询图书


正题名:电声摇滚乐队基本训练法     索取号:J628.06/55         预约/预借

序号 登录号 条形码 馆藏地/架位号 状态 备注
1 0263756   001204404   第一样本阅览室/ [索取号:J628.06/55] 在馆    
唐山师范学院图书馆 欢迎您!
大连网信软件有限公司© 版权所有